[Event "Deltalift Open"]
[Site "Tylosand"]
[Date "2019.05.31"]
[Round "5.14"]
[White "Sjoberg, Isak"]
[Black "Falkevall, Axel"]
[Result "1/2-1/2"]
[BlackElo "1960"]
[WhiteElo "2222"]
[LiveChessVersion "1.4.8"]

1. e4 {[%clk 1:30:56]} e6 {[%clk 1:30:52]} 2. d4 {[%clk 1:31:22]} d5
{[%clk 1:31:14]} 3. Nd2 {[%clk 1:31:06]} Nf6 {[%clk 1:31:35]} 4. e5
{[%clk 1:31:11]} Nfd7 {[%clk 1:32:01]} 5. c3 {[%clk 1:31:31]} c5 {[%clk 1:32:25]}
6. f4 {[%clk 1:31:03]} Nc6 {[%clk 1:32:42]} 7. Ndf3 {[%clk 1:31:06]} Qb6
{[%clk 1:31:37]} 8. g3 {[%clk 1:31:29]} cxd4 {[%clk 1:31:22]} 9. cxd4
{[%clk 1:31:46]} Bb4+ {[%clk 1:31:37]} 10. Kf2 {[%clk 1:32:13]} f6
{[%clk 1:30:36]} 11. Kg2 {[%clk 1:32:30]} O-O {[%clk 1:28:43]} 12. Bd3
{[%clk 1:32:56]} Nxd4 {[%clk 0:59:40]} 13. Nxd4 {[%clk 1:33:07]} fxe5
{[%clk 1:00:03]} 14. fxe5 {[%clk 1:23:00]} Nxe5 {[%clk 0:59:53]} 15. Bf4
{[%clk 1:11:07]} Ng4 {[%clk 0:48:44]} 16. Qxg4 {[%clk 1:07:28]} Qxd4
{[%clk 0:48:59]} 17. Qe2 {[%clk 1:07:39]} Rxf4 {[%clk 0:42:08]} 18. gxf4
{[%clk 1:07:49]} Qxf4 {[%clk 0:42:28]} 19. Nh3 {[%clk 1:07:00]} Qh4
{[%clk 0:42:14]} 20. Qf2 {[%clk 1:02:05]} Qg4+ {[%clk 0:41:30]} 21. Qg3
{[%clk 1:02:31]} Qd4 {[%clk 0:41:46]} 22. Rhf1 {[%clk 0:59:20]} e5
{[%clk 0:39:10]} 23. Ng5 {[%clk 0:50:35]} h6 {[%clk 0:34:17]} 24. Qf3
{[%clk 0:50:27]} Qg4+ {[%clk 0:31:04]} 25. Qxg4 {[%clk 0:44:13]} Bxg4
{[%clk 0:31:23]} 26. Kg3 {[%clk 0:42:54]} Bd7 {[%clk 0:30:06]} 27. Nh3
{[%clk 0:43:17]} e4 {[%clk 0:30:00]} 28. Be2 {[%clk 0:42:07]} d4 {[%clk 0:27:46]}
29. Bc4+ {[%clk 0:35:17]} Kh7 {[%clk 0:25:15]} 30. Bd5 {[%clk 0:34:39]} Re8
{[%clk 0:23:26]} 31. Rf7 {[%clk 0:33:52]} Bc6 {[%clk 0:18:19]} 32. Bxc6
{[%clk 0:29:47]} bxc6 {[%clk 0:18:44]} 33. Nf4 {[%clk 0:28:05]} d3
{[%clk 0:13:48]} 34. Kh3 {[%clk 0:26:46]} Kg8 {[%clk 0:12:11]} 35. Rd7
{[%clk 0:26:57]} Rf8 {[%clk 0:10:55]} 36. Ne6 {[%clk 0:25:16]} Rf3+
{[%clk 0:10:39]} 37. Kg2 {[%clk 0:24:48]} Rf6 {[%clk 0:09:30]} 38. Rd4
{[%clk 0:17:21]} Rxe6 {[%clk 0:05:08]} 39. Rxb4 {[%clk 0:17:46]} e3
{[%clk 0:05:23]} 40. Rd4 {[%clk 0:18:13]} d2 {[%clk 0:04:42]} 41. Rd8+
{[%clk 0:13:57]} Kh7 {[%clk 0:04:35]} 42. Kf3 {[%clk 0:13:40]} e2
{[%clk 0:04:38]} 43. Rxd2 {[%clk 0:14:06]} e1=Q {[%clk 0:05:00]} 44. Rxe1
{[%clk 0:14:34]} Rxe1 {[%clk 0:05:20]} 45. Rd7 {[%clk 0:14:57]} Rf1+
{[%clk 0:03:50]} 46. Kg3 {[%clk 0:15:10]} Rg1+ {[%clk 0:03:33]} 47. Kf3
{[%clk 0:14:39]} Rf1+ {[%clk 0:03:41]} 1/2-1/2

[Event "Deltalift Open"]
[Site "Tylosand"]
[Date "2019.05.31"]
[Round "5.15"]
[White "Ziegler, Nathalie"]
[Black "Wahlstrom, Lennart"]
[Result "1-0"]
[BlackElo "2196"]
[WhiteElo "1814"]
[LiveChessVersion "1.4.8"]

1. d4 {[%clk 1:30:53]} d5 {[%clk 1:30:51]} 2. c4 {[%clk 1:31:16]} e6
{[%clk 1:31:15]} 3. Nf3 {[%clk 1:31:25]} c5 {[%clk 1:31:32]} 4. cxd5
{[%clk 1:31:23]} exd5 {[%clk 1:31:54]} 5. g3 {[%clk 1:31:37]} Nc6
{[%clk 1:32:11]} 6. Bg2 {[%clk 1:32:01]} Nf6 {[%clk 1:32:27]} 7. O-O
{[%clk 1:32:10]} Be7 {[%clk 1:32:39]} 8. dxc5 {[%clk 1:32:14]} Bxc5
{[%clk 1:33:01]} 9. Bg5 {[%clk 1:32:39]} O-O {[%clk 1:31:30]} 10. Nc3
{[%clk 1:32:29]} d4 {[%clk 1:31:29]} 11. Bxf6 {[%clk 1:32:20]} Qxf6
{[%clk 1:31:52]} 12. Nd5 {[%clk 1:32:43]} Qd8 {[%clk 1:31:56]} 13. Nd2
{[%clk 1:32:36]} Be6 {[%clk 1:26:17]} 14. Nf4 {[%clk 1:32:29]} Re8
{[%clk 1:14:34]} 15. Rc1 {[%clk 1:30:53]} Bd6 {[%clk 1:04:52]} 16. Nxe6
{[%clk 1:23:19]} Rxe6 {[%clk 1:05:13]} 17. Bxc6 {[%clk 1:16:17]} bxc6
{[%clk 1:05:35]} 18. Rxc6 {[%clk 1:16:45]} Qd7 {[%clk 0:56:48]} 19. Rc2
{[%clk 1:15:06]} Be7 {[%clk 0:47:22]} 20. Nf3 {[%clk 1:13:07]} Bf6
{[%clk 0:47:23]} 21. Qd3 {[%clk 1:11:33]} Qd5 {[%clk 0:44:37]} 22. a3
{[%clk 1:06:40]} Rd8 {[%clk 0:40:32]} 23. Rfc1 {[%clk 1:05:51]} Rde8
{[%clk 0:29:24]} 24. Rc8 {[%clk 1:02:22]} g6 {[%clk 0:26:17]} 25. R1c5
{[%clk 0:45:10]} Qa2 {[%clk 0:22:33]} 26. Nxd4 {[%clk 0:35:15]} Bxd4
{[%clk 0:19:23]} 27. Rxe8+ {[%clk 0:34:31]} Rxe8 {[%clk 0:19:52]} 28. Qxd4
{[%clk 0:34:50]} Qe6 {[%clk 0:16:45]} 29. e3 {[%clk 0:34:47]} Qb6
{[%clk 0:14:30]} 30. b4 {[%clk 0:29:53]} Rd8 {[%clk 0:14:14]} 31. Rd5
{[%clk 0:29:44]} Rc8 {[%clk 0:13:57]} 32. Qxb6 {[%clk 0:23:49]} axb6
{[%clk 0:14:19]} 33. Kf1 {[%clk 0:21:18]} Rc3 {[%clk 0:14:16]} 34. a4
{[%clk 0:20:02]} Ra3 {[%clk 0:14:33]} 35. Rb5 {[%clk 0:17:54]} Rxa4
{[%clk 0:14:23]} 36. Rxb6 {[%clk 0:18:24]} Ra2 {[%clk 0:14:22]} 37. Kg2
{[%clk 0:18:20]} Rb2 {[%clk 0:13:53]} 38. Kf3 {[%clk 0:18:29]} Kf8
{[%clk 0:13:15]} 39. h4 {[%clk 0:18:32]} Ke7 {[%clk 0:13:16]} 40. e4
{[%clk 0:18:36]} Kd7 {[%clk 0:13:02]} 41. b5 {[%clk 0:16:50]} h5 {[%clk 0:13:09]}
42. Rb7+ {[%clk 0:15:34]} Ke6 {[%clk 0:13:06]} 43. b6 {[%clk 0:15:39]} Ke5
{[%clk 0:06:15]} 44. Rxf7 {[%clk 0:14:39]} Rb3+ {[%clk 0:06:37]} 45. Kg2
{[%clk 0:14:58]} Rxb6 {[%clk 0:06:58]} 46. Re7+ {[%clk 0:13:57]} Kf6
{[%clk 0:07:07]} 47. Ra7 {[%clk 0:14:05]} Rb2 {[%clk 0:06:34]} 48. Ra6+
{[%clk 0:14:04]} Kf7 {[%clk 0:06:56]} 49. Kf3 {[%clk 0:14:21]} Kg7
{[%clk 0:07:01]} 50. Ke3 {[%clk 0:14:16]} Kf7 {[%clk 0:07:10]} 51. f3
{[%clk 0:14:18]} Rb3+ {[%clk 0:07:04]} 52. Kf4 {[%clk 0:14:38]} Rc3
{[%clk 0:07:27]} 53. e5 {[%clk 0:14:35]} Rb3 {[%clk 0:07:07]} 54. Kg5
{[%clk 0:11:49]} Rb5 {[%clk 0:03:56]} 55. f4 {[%clk 0:10:26]} Rb3
{[%clk 0:04:03]} 56. Rf6+ {[%clk 0:10:48]} Ke7 {[%clk 0:04:24]} 57. Rxg6
{[%clk 0:09:56]} Rxg3+ {[%clk 0:04:48]} 58. Kxh5 {[%clk 0:09:23]} Rf3
{[%clk 0:05:10]} 59. Kg4 {[%clk 0:09:27]} Rf1 {[%clk 0:05:33]} 60. Kf5
{[%clk 0:09:45]} Rh1 {[%clk 0:05:50]} 61. Rh6 {[%clk 0:09:52]} Kf7
{[%clk 0:05:58]} 62. e6+ {[%clk 0:09:35]} 1-0

[Event "Deltalift Open"]
[Site "Tylosand"]
[Date "2019.05.31"]
[Round "5.17"]
[White "Carlstrom, Niklas"]
[Black "Nyander, Joakim"]
[Result "1-0"]
[BlackElo "2235"]
[WhiteElo "2065"]
[LiveChessVersion "1.4.8"]

1. e4 {[%clk 1:30:47]} c5 {[%clk 1:30:38]} 2. Nc3 {[%clk 1:30:57]} e6
{[%clk 1:30:23]} 3. g3 {[%clk 1:30:56]} a6 {[%clk 1:29:25]} 4. Bg2
{[%clk 1:30:54]} b5 {[%clk 1:29:24]} 5. e5 {[%clk 1:29:48]} Nc6 {[%clk 1:24:50]}
6. Bxc6 {[%clk 1:29:49]} dxc6 {[%clk 1:25:12]} 7. d3 {[%clk 1:30:05]} Ne7
{[%clk 1:19:23]} 8. Nf3 {[%clk 1:29:53]} Nd5 {[%clk 1:12:57]} 9. Ne4
{[%clk 1:27:52]} Be7 {[%clk 1:11:33]} 10. O-O {[%clk 1:27:02]} O-O
{[%clk 1:08:04]} 11. Qe2 {[%clk 1:24:32]} Qc7 {[%clk 0:59:01]} 12. c4
{[%clk 1:17:14]} Nb6 {[%clk 0:58:56]} 13. Bf4 {[%clk 1:17:20]} Nd7
{[%clk 0:51:54]} 14. h4 {[%clk 1:12:18]} Qd8 {[%clk 0:38:36]} 15. Rad1
{[%clk 1:04:22]} Re8 {[%clk 0:32:22]} 16. Rfe1 {[%clk 0:58:54]} Nf8
{[%clk 0:26:19]} 17. Qe3 {[%clk 0:50:01]} Qa5 {[%clk 0:23:46]} 18. Ra1
{[%clk 0:45:21]} b4 {[%clk 0:18:27]} 19. Bg5 {[%clk 0:43:25]} Nd7
{[%clk 0:16:57]} 20. Bxe7 {[%clk 0:40:32]} Rxe7 {[%clk 0:17:22]} 21. Qg5
{[%clk 0:40:44]} Kf8 {[%clk 0:17:13]} 22. Nf6 {[%clk 0:37:28]} gxf6
{[%clk 0:05:59]} 23. exf6 {[%clk 0:37:49]} Nxf6 {[%clk 0:05:09]} 24. Qxf6
{[%clk 0:38:08]} Re8 {[%clk 0:05:11]} 25. Ng5 {[%clk 0:31:57]} Ra7
{[%clk 0:05:33]} 26. Nxh7+ {[%clk 0:32:00]} Kg8 {[%clk 0:05:56]} 27. Re5
{[%clk 0:32:16]} 1-0

[Event "Deltalift Open"]
[Site "Tylosand"]
[Date "2019.05.31"]
[Round "5.18"]
[White "Berglind, Axel"]
[Black "Carlsson, Ludvig"]
[Result "1/2-1/2"]
[BlackElo "2210"]
[WhiteElo "2072"]
[LiveChessVersion "1.4.8"]

1. d4 {[%clk 1:30:57]} d5 {[%clk 1:30:17]} 2. Nf3 {[%clk 1:31:23]} Nf6
{[%clk 1:30:37]} 3. g3 {[%clk 1:31:45]} e6 {[%clk 1:31:01]} 4. Bg2
{[%clk 1:32:10]} Be7 {[%clk 1:31:25]} 5. O-O {[%clk 1:32:33]} O-O
{[%clk 1:31:50]} 6. c4 {[%clk 1:33:01]} dxc4 {[%clk 1:32:13]} 7. Ne5
{[%clk 1:32:10]} Nc6 {[%clk 1:32:17]} 8. Bxc6 {[%clk 1:32:27]} bxc6
{[%clk 1:32:41]} 9. Nxc6 {[%clk 1:32:54]} Qe8 {[%clk 1:33:03]} 10. Nxe7+
{[%clk 1:33:21]} Qxe7 {[%clk 1:33:27]} 11. Qa4 {[%clk 1:33:47]} e5
{[%clk 1:33:17]} 12. dxe5 {[%clk 1:34:08]} Qxe5 {[%clk 1:33:40]} 13. Qxc4
{[%clk 1:34:35]} Be6 {[%clk 1:33:57]} 14. Qd3 {[%clk 1:34:59]} Rad8
{[%clk 1:34:07]} 15. Qe3 {[%clk 1:35:21]} Qh5 {[%clk 1:34:31]} 16. f3
{[%clk 1:35:47]} Rfe8 {[%clk 1:34:52]} 17. Qf2 {[%clk 1:28:03]} Bc4
{[%clk 1:34:11]} 18. Nc3 {[%clk 1:27:24]} Nd5 {[%clk 1:33:20]} 19. Re1
{[%clk 0:42:06]} Nxc3 {[%clk 1:33:34]} 20. bxc3 {[%clk 0:42:31]} Qa5
{[%clk 1:33:57]} 21. Bf4 {[%clk 0:40:49]} h6 {[%clk 1:22:30]} 22. e4
{[%clk 0:36:19]} Rd3 {[%clk 1:19:14]} 23. Be3 {[%clk 0:30:25]} Red8
{[%clk 1:18:41]} 24. Rac1 {[%clk 0:15:23]} a6 {[%clk 1:15:09]} 25. Rc2
{[%clk 0:11:42]} Qa4 {[%clk 1:15:13]} 26. g4 {[%clk 0:12:05]} Rd1
{[%clk 0:58:08]} 27. Rxd1 {[%clk 0:12:29]} Rxd1+ {[%clk 0:58:31]} 28. Kg2
{[%clk 0:12:56]} Ra1 {[%clk 0:58:49]} 29. Qd2 {[%clk 0:13:06]} Kh7
{[%clk 0:57:05]} 30. Bd4 {[%clk 0:11:42]} f6 {[%clk 0:50:42]} 31. e5
{[%clk 0:08:41]} fxe5 {[%clk 0:48:46]} 32. Bxe5 {[%clk 0:08:45]} Qb5
{[%clk 0:32:50]} 33. Qf4 {[%clk 0:06:40]} Bf1+ {[%clk 0:31:10]} 34. Kg3
{[%clk 0:06:44]} Bd3 {[%clk 0:30:46]} 35. c4 {[%clk 0:02:46]} Rg1+
{[%clk 0:31:08]} 36. Rg2 {[%clk 0:02:35]} Qb1 {[%clk 0:29:41]} 37. Qf7
{[%clk 0:00:40]} Rxg2+ {[%clk 0:27:46]} 38. Kxg2 {[%clk 0:00:41]} Qf1+
{[%clk 0:19:35]} 39. Kg3 {[%clk 0:01:06]} Qe1+ {[%clk 0:19:55]} 40. Kf4
{[%clk 0:01:30]} Qc1+ {[%clk 0:20:05]} 41. Kg3 {[%clk 0:01:53]} Qe1+
{[%clk 0:20:31]} 42. Kf4 {[%clk 0:02:18]} Qc1+ {[%clk 0:20:54]} 43. Kg3
{[%clk 0:02:43]} 1/2-1/2

[Event "Deltalift Open"]
[Site "Tylosand"]
[Date "2019.05.31"]
[Round "5.19"]
[White "Svensson, Leif 1940"]
[Black "Holst, Conny"]
[Result "0-1"]
[BlackElo "2197"]
[WhiteElo "2016"]
[LiveChessVersion "1.4.8"]

1. d4 {[%clk 1:30:58]} Nf6 {[%clk 1:30:50]} 2. Nc3 {[%clk 1:31:22]} d5
{[%clk 1:31:00]} 3. Bg5 {[%clk 1:31:27]} Nbd7 {[%clk 1:30:32]} 4. e3
{[%clk 1:31:02]} g6 {[%clk 1:24:38]} 5. Nf3 {[%clk 1:28:18]} Bg7 {[%clk 1:22:48]}
6. Be2 {[%clk 1:27:50]} O-O {[%clk 1:22:56]} 7. O-O {[%clk 1:28:15]} b6
{[%clk 1:20:31]} 8. h3 {[%clk 1:15:52]} Bb7 {[%clk 1:20:20]} 9. Bf4
{[%clk 1:12:54]} a6 {[%clk 1:11:49]} 10. Nd2 {[%clk 1:07:45]} Re8
{[%clk 1:08:32]} 11. Bf3 {[%clk 0:51:52]} e5 {[%clk 1:04:18]} 12. dxe5
{[%clk 0:52:16]} Nxe5 {[%clk 1:04:30]} 13. Be2 {[%clk 0:51:04]} c5
{[%clk 1:00:05]} 14. Nf3 {[%clk 0:51:10]} Nxf3+ {[%clk 0:53:55]} 15. Bxf3
{[%clk 0:51:31]} h6 {[%clk 0:53:52]} 16. g4 {[%clk 0:47:21]} g5 {[%clk 0:48:29]}
17. Bg3 {[%clk 0:47:41]} b5 {[%clk 0:47:10]} 18. a3 {[%clk 0:40:54]} Rc8
{[%clk 0:42:01]} 19. Qd2 {[%clk 0:36:38]} Ne4 {[%clk 0:35:13]} 20. Bxe4
{[%clk 0:36:44]} dxe4 {[%clk 0:35:28]} 21. Qxd8 {[%clk 0:35:25]} Rexd8
{[%clk 0:34:52]} 22. Rfd1 {[%clk 0:35:37]} b4 {[%clk 0:24:43]} 23. axb4
{[%clk 0:26:22]} cxb4 {[%clk 0:23:25]} 24. Rxd8+ {[%clk 0:20:01]} Rxd8
{[%clk 0:21:25]} 25. Na4 {[%clk 0:20:29]} Bc6 {[%clk 0:20:15]} 26. c3
{[%clk 0:17:05]} a5 {[%clk 0:13:05]} 27. cxb4 {[%clk 0:08:57]} axb4
{[%clk 0:13:09]} 28. Nc5 {[%clk 0:08:29]} Bxb2 {[%clk 0:11:20]} 29. Rb1
{[%clk 0:08:41]} Bc3 {[%clk 0:10:43]} 30. Na6 {[%clk 0:08:50]} Bb5
{[%clk 0:03:57]} 31. Nxb4 {[%clk 0:03:18]} Bxb4 {[%clk 0:04:19]} 32. Be5
{[%clk 0:02:18]} Rd5 {[%clk 0:03:50]} 33. Rxb4 0-1

[Event "Deltalift Open"]
[Site "Tylosand"]
[Date "2019.05.31"]
[Round "5.20"]
[White "Muntean, Victor"]
[Black "Brzezinski, Adam"]
[Result "1/2-1/2"]
[BlackElo "2193"]
[WhiteElo "1925"]
[LiveChessVersion "1.4.8"]

1. e4 {[%clk 1:30:58]} e6 {[%clk 1:30:38]} 2. d4 {[%clk 1:31:21]} d5
{[%clk 1:31:04]} 3. e5 {[%clk 1:31:26]} c5 {[%clk 1:31:29]} 4. c3
{[%clk 1:31:48]} Qb6 {[%clk 1:31:54]} 5. Nf3 {[%clk 1:32:10]} Nc6
{[%clk 1:32:19]} 6. Bd3 {[%clk 1:32:31]} cxd4 {[%clk 1:31:44]} 7. cxd4
{[%clk 1:32:54]} Nh6 {[%clk 1:32:09]} 8. Nc3 {[%clk 1:31:58]} Bd7
{[%clk 1:25:59]} 9. O-O {[%clk 1:31:55]} Nxd4 {[%clk 1:23:07]} 10. Nxd4
{[%clk 1:32:15]} Qxd4 {[%clk 1:23:27]} 11. Nb5 {[%clk 1:30:28]} Qb6
{[%clk 1:21:04]} 12. Be3 {[%clk 1:28:45]} Qd8 {[%clk 1:19:52]} 13. Rc1
{[%clk 1:26:15]} Rc8 {[%clk 1:19:45]} 14. Nxa7 {[%clk 1:23:54]} Rxc1
{[%clk 1:18:55]} 15. Qxc1 {[%clk 1:24:15]} Be7 {[%clk 1:16:37]} 16. Nb5
{[%clk 1:23:34]} Ng4 {[%clk 1:11:44]} 17. Nc7+ {[%clk 1:21:59]} Kf8
{[%clk 1:10:00]} 18. Bb6 {[%clk 1:22:19]} Qb8 {[%clk 1:06:38]} 19. Qf4
{[%clk 1:21:21]} h5 {[%clk 0:53:39]} 20. Bg6 {[%clk 1:19:58]} Nh6
{[%clk 0:54:04]} 21. Bxh5 {[%clk 1:15:30]} Nf5 {[%clk 0:48:24]} 22. Bg4
{[%clk 1:08:39]} g6 {[%clk 0:45:42]} 23. Bxf5 {[%clk 1:06:49]} gxf5
{[%clk 0:45:53]} 24. Rc1 {[%clk 1:06:13]} Rh4 {[%clk 0:42:51]} 25. Qd2
{[%clk 1:03:48]} Kg8 {[%clk 0:38:06]} 26. Rc3 {[%clk 0:56:14]} Kh7
{[%clk 0:34:36]} 27. Rg3 {[%clk 0:40:47]} Qf8 {[%clk 0:31:22]} 28. a3
{[%clk 0:28:08]} Qh6 {[%clk 0:28:13]} 29. Qxh6+ {[%clk 0:27:42]} Kxh6
{[%clk 0:28:36]} 30. Rb3 {[%clk 0:24:28]} Rc4 {[%clk 0:25:04]} 31. g3
{[%clk 0:23:26]} Ba4 {[%clk 0:20:46]} 32. Rd3 {[%clk 0:22:23]} Bc2
{[%clk 0:18:21]} 33. Rc3 {[%clk 0:19:47]} Rxc3 {[%clk 0:18:42]} 34. bxc3
{[%clk 0:20:12]} Ba4 {[%clk 0:14:29]} 35. Bd4 {[%clk 0:17:38]} Bxa3
{[%clk 0:13:01]} 36. Na8 {[%clk 0:17:20]} Kg5 {[%clk 0:12:32]} 37. f4+
{[%clk 0:16:09]} Kg6 {[%clk 0:12:46]} 38. Nb6 {[%clk 0:16:12]} Bb5
{[%clk 0:12:00]} 39. Kf2 {[%clk 0:13:29]} Kg7 {[%clk 0:11:20]} 40. Ke1
{[%clk 0:12:39]} Kg6 {[%clk 0:03:16]} 41. Kf2 {[%clk 0:12:24]} 1/2-1/2

[Event "Deltalift Open"]
[Site "Tylosand"]
[Date "2019.05.31"]
[Round "5.21"]
[White "Frisk, Hans"]
[Black "Lindhe, Magnus"]
[Result "1/2-1/2"]
[BlackElo "2173"]
[WhiteElo "1866"]
[LiveChessVersion "1.4.8"]

1. Nf3 {[%clk 1:30:51]} c5 {[%clk 1:30:50]} 2. e3 {[%clk 1:28:04]} e6
{[%clk 1:26:10]} 3. d4 {[%clk 1:25:37]} b6 {[%clk 1:24:34]} 4. c4
{[%clk 1:21:44]} Nf6 {[%clk 1:23:33]} 5. Nc3 {[%clk 1:19:24]} Bb7
{[%clk 1:22:33]} 6. g3 {[%clk 1:16:50]} d5 {[%clk 1:16:38]} 7. b3
{[%clk 1:01:36]} dxc4 {[%clk 1:14:29]} 8. bxc4 {[%clk 1:01:46]} cxd4
{[%clk 1:14:29]} 9. exd4 {[%clk 1:02:08]} Bb4 {[%clk 1:13:12]} 10. Bd2
{[%clk 0:55:19]} O-O {[%clk 1:10:59]} 11. Bg2 {[%clk 0:53:37]} Nc6
{[%clk 1:10:38]} 12. O-O {[%clk 0:51:15]} Na5 {[%clk 1:05:14]} 13. Qa4
{[%clk 0:45:46]} Be7 {[%clk 1:04:18]} 14. Ne2 {[%clk 0:41:50]} Bc6
{[%clk 1:01:08]} 15. Qc2 {[%clk 0:40:53]} Be4 {[%clk 1:00:42]} 16. Qa4
{[%clk 0:38:13]} Bd3 {[%clk 1:00:27]} 17. Bxa5 {[%clk 0:34:31]} Bxe2
{[%clk 1:00:50]} 18. Rfe1 {[%clk 0:32:41]} Bxf3 {[%clk 1:00:20]} 19. Bxf3
{[%clk 0:32:45]} bxa5 {[%clk 0:58:51]} 20. Bxa8 {[%clk 0:31:24]} Qxa8
{[%clk 0:56:50]} 21. Qxa5 {[%clk 0:29:40]} Rd8 {[%clk 0:55:58]} 22. Rad1
{[%clk 0:29:03]} Qf3 {[%clk 0:53:21]} 23. Qd2 {[%clk 0:26:48]} Ne4
{[%clk 0:51:42]} 24. Qe3 {[%clk 0:25:36]} Qxe3 {[%clk 0:46:36]} 25. Rxe3
{[%clk 0:25:01]} Nd6 {[%clk 0:46:54]} 26. Ra3 {[%clk 0:19:45]} Nc8
{[%clk 0:35:27]} 27. Rad3 {[%clk 0:17:58]} g6 {[%clk 0:33:08]} 28. Kg2
{[%clk 0:16:51]} h5 {[%clk 0:33:23]} 29. h4 {[%clk 0:16:59]} Nd6 {[%clk 0:32:37]}
30. Ra3 {[%clk 0:13:18]} Nxc4 {[%clk 0:31:08]} 31. Rxa7 {[%clk 0:13:28]} Bf6
{[%clk 0:28:19]} 32. Rc7 {[%clk 0:09:28]} Nb2 {[%clk 0:27:04]} 33. Rd2
{[%clk 0:09:23]} Na4 {[%clk 0:24:06]} 34. Rc4 {[%clk 0:07:08]} Nb6
{[%clk 0:22:34]} 35. Rb4 {[%clk 0:05:26]} Nd5 {[%clk 0:22:40]} 36. Rc4
{[%clk 0:05:29]} Kg7 {[%clk 0:22:03]} 37. Kf3 {[%clk 0:04:19]} Ra8
{[%clk 0:21:26]} 38. a4 {[%clk 0:03:35]} Ra5 {[%clk 0:20:32]} 39. Ra2
{[%clk 0:03:29]} Ne7 {[%clk 0:19:39]} 40. Rc5 {[%clk 0:02:07]} Ra7
{[%clk 0:19:52]} 41. Ke4 {[%clk 0:27:44]} Rd7 {[%clk 0:49:43]} 42. Rc4
{[%clk 0:27:39]} Nf5 {[%clk 0:49:41]} 43. Rb4 {[%clk 0:25:35]} Bxd4
{[%clk 0:49:17]} 44. a5 {[%clk 0:25:08]} Bc5 {[%clk 0:47:12]} 45. Rb8
{[%clk 0:23:34]} Nd4 {[%clk 0:45:03]} 46. Rc8 {[%clk 0:20:00]} f5+
{[%clk 0:43:47]} 47. Kd3 {[%clk 0:19:32]} Ba7 {[%clk 0:42:15]} 48. Kc4
{[%clk 0:18:51]} Nf3 {[%clk 0:39:10]} 49. a6 {[%clk 0:15:38]} Ne5+
{[%clk 0:38:46]} 50. Kc3 {[%clk 0:13:40]} Bd4+ {[%clk 0:37:39]} 51. Kb3
{[%clk 0:11:17]} Nf7 {[%clk 0:31:36]} 52. Rd2 {[%clk 0:07:27]} e5
{[%clk 0:30:52]} 53. Rdc2 {[%clk 0:07:34]} Ra7 {[%clk 0:30:31]} 54. R2c6
{[%clk 0:06:40]} Bxf2 {[%clk 0:21:35]} 55. R8c7 {[%clk 0:06:55]} Ra8
{[%clk 0:21:01]} 56. Rc8 {[%clk 0:07:03]} Rxc8 {[%clk 0:17:32]} 57. Rxc8
{[%clk 0:07:25]} Nd6 {[%clk 0:17:39]} 58. a7 {[%clk 0:04:44]} Bxa7
{[%clk 0:18:03]} 59. Rc7+ {[%clk 0:05:04]} Kh6 {[%clk 0:16:35]} 60. Rxa7
{[%clk 0:05:23]} Ne4 {[%clk 0:16:41]} 61. Kc4 {[%clk 0:03:51]} Nxg3
{[%clk 0:16:21]} 62. Kd5 {[%clk 0:03:47]} e4 {[%clk 0:16:05]} 63. Ke5
{[%clk 0:03:12]} f4 {[%clk 0:13:08]} 64. Kxf4 {[%clk 0:02:30]} Nf5
{[%clk 0:13:32]} 65. Kxe4 {[%clk 0:02:13]} Nxh4 {[%clk 0:13:55]} 66. Kf4
{[%clk 0:02:00]} Nf5 {[%clk 0:13:32]} 67. Ra6 {[%clk 0:02:00]} 1/2-1/2

[Event "Deltalift Open"]
[Site "Tylosand"]
[Date "2019.05.31"]
[Round "5.22"]
[White "Blomstrom, Lars"]
[Black "Torngren, Gustav"]
[Result "1-0"]
[BlackElo "2128"]
[WhiteElo "2153"]
[LiveChessVersion "1.4.8"]

1. e4 {[%clk 1:30:58]} e6 {[%clk 1:30:24]} 2. d4 {[%clk 1:30:35]} d5
{[%clk 1:30:23]} 3. e5 {[%clk 1:30:37]} c5 {[%clk 1:30:36]} 4. c3
{[%clk 1:31:05]} Nc6 {[%clk 1:30:56]} 5. Nf3 {[%clk 1:31:33]} Bd7
{[%clk 1:31:17]} 6. Be2 {[%clk 1:30:49]} Nge7 {[%clk 1:31:21]} 7. Na3
{[%clk 1:26:14]} cxd4 {[%clk 1:30:18]} 8. cxd4 {[%clk 1:26:38]} Nf5
{[%clk 1:30:32]} 9. Nc2 {[%clk 1:25:20]} Qb6 {[%clk 1:30:38]} 10. O-O
{[%clk 1:23:59]} Na5 {[%clk 1:30:57]} 11. b3 {[%clk 1:13:26]} Bb5
{[%clk 1:30:53]} 12. Bxb5+ {[%clk 1:12:07]} Qxb5 {[%clk 1:31:18]} 13. Ne3
{[%clk 1:10:12]} Nxe3 {[%clk 1:25:48]} 14. fxe3 {[%clk 1:08:33]} Be7
{[%clk 1:25:27]} 15. Qe1 {[%clk 1:06:54]} O-O {[%clk 1:17:32]} 16. e4
{[%clk 0:54:58]} Nc6 {[%clk 1:05:03]} 17. exd5 {[%clk 0:43:29]} Qxd5
{[%clk 1:05:13]} 18. Bb2 {[%clk 0:43:31]} a5 {[%clk 0:59:09]} 19. Qg3
{[%clk 0:35:37]} a4 {[%clk 0:55:28]} 20. Rad1 {[%clk 0:35:35]} axb3
{[%clk 0:53:03]} 21. axb3 {[%clk 0:36:01]} Qxb3 {[%clk 0:53:17]} 22. Bc1
{[%clk 0:36:26]} Qc2 {[%clk 0:53:28]} 23. d5 {[%clk 0:28:01]} exd5
{[%clk 0:53:18]} 24. Rxd5 {[%clk 0:27:56]} Bc5+ {[%clk 0:51:30]} 25. Kh1
{[%clk 0:27:48]} Ra1 {[%clk 0:51:29]} 26. Qf4 {[%clk 0:25:26]} Nb4
{[%clk 0:50:06]} 27. Nd4 {[%clk 0:20:42]} Qc4 {[%clk 0:44:53]} 28. Rxc5
{[%clk 0:21:00]} Qxc5 {[%clk 0:44:59]} 29. Nb3 {[%clk 0:21:17]} Nd5
{[%clk 0:40:35]} 30. Qf3 {[%clk 0:20:23]} Qe7 {[%clk 0:32:38]} 31. Nxa1
{[%clk 0:19:57]} Qxe5 {[%clk 0:33:05]} 32. Ba3 {[%clk 0:19:42]} Ne3
{[%clk 0:32:08]} 33. Re1 {[%clk 0:11:52]} Re8 {[%clk 0:24:25]} 34. Nc2
{[%clk 0:10:52]} Qb5 {[%clk 0:24:11]} 35. Nxe3 {[%clk 0:08:32]} Qa5
{[%clk 0:24:27]} 36. Rf1 {[%clk 0:08:32]} f6 {[%clk 0:24:10]} 37. Qd5+
{[%clk 0:08:24]} Qxd5 {[%clk 0:24:27]} 38. Nxd5 {[%clk 0:08:53]} Kf7
{[%clk 0:24:45]} 39. Kg1 {[%clk 0:06:18]} Ra8 {[%clk 0:24:38]} 40. Bb4
{[%clk 0:04:24]} Rd8 {[%clk 0:24:53]} 41. Rd1 {[%clk 0:04:22]} h5
{[%clk 0:25:08]} 42. Kf2 {[%clk 0:04:15]} b5 {[%clk 0:24:54]} 43. Nc3
{[%clk 0:04:29]} Rc8 {[%clk 0:25:11]} 44. Rd5 {[%clk 0:04:49]} h4
{[%clk 0:25:31]} 45. Rxb5 {[%clk 0:04:59]} h3 {[%clk 0:25:54]} 46. gxh3
{[%clk 0:05:14]} Kg6 {[%clk 0:26:09]} 1-0